<?xml version="1.0" encoding="UTF-8"?>
<record
    xmlns:xsi="http://www.w3.org/2001/XMLSchema-instance"
    xsi:schemaLocation="http://www.loc.gov/MARC21/slim http://www.loc.gov/standards/marcxml/schema/MARC21slim.xsd"
    xmlns="http://www.loc.gov/MARC21/slim">

  <leader>02271nam a22003377a 4500</leader>
  <controlfield tag="003">MN_MNUMS</controlfield>
  <controlfield tag="005">20260511105528.0</controlfield>
  <controlfield tag="008">260511b        mp ||||| |||| 00| 0 mon d</controlfield>
  <datafield tag="040" ind1=" " ind2=" ">
    <subfield code="a">MN_MNUMS</subfield>
    <subfield code="b">MON</subfield>
    <subfield code="c">MN_MNUMS</subfield>
    <subfield code="d">MN_MNUMS</subfield>
    <subfield code="e">rda</subfield>
  </datafield>
  <datafield tag="041" ind1=" " ind2=" ">
    <subfield code="a">MON</subfield>
  </datafield>
  <datafield tag="072" ind1=" " ind2=" ">
    <subfield code="a">E098801</subfield>
  </datafield>
  <datafield tag="082" ind1=" " ind2=" ">
    <subfield code="2">21</subfield>
    <subfield code="a">362.1</subfield>
    <subfield code="b">&#x426; 945</subfield>
  </datafield>
  <datafield tag="100" ind1="0" ind2=" ">
    <subfield code="a">&#x426;&#x44D;&#x43B;&#x43C;&#x44D;&#x433;, &#x426;. </subfield>
    <subfield code="e">&#x441;&#x443;&#x434;&#x43B;&#x430;&#x430;&#x447;</subfield>
    <subfield code="9">67555</subfield>
  </datafield>
  <datafield tag="245" ind1="1" ind2="0">
    <subfield code="a">&#x4E8;&#x440;&#x445;, &#x441;&#x443;&#x43C;&#x44B;&#x43D; &#x44D;&#x440;&#x4AF;&#x4AF;&#x43B; &#x43C;&#x44D;&#x43D;&#x434;&#x438;&#x439;&#x43D; &#x442;&#x4E9;&#x432;&#x438;&#x439;&#x43D; &#x430;&#x436;&#x438;&#x43B;&#x442;&#x43D;&#x443;&#x443;&#x434;&#x44B;&#x43D; &#x430;&#x436;&#x43B;&#x430;&#x430;&#x441; &#x433;&#x430;&#x440;&#x430;&#x445; &#x431;&#x43E;&#x434;&#x43E;&#x43B;, &#x442;&#x4AF;&#x4AF;&#x43D;&#x434; &#x43D;&#x4E9;&#x43B;&#x4E9;&#x4E9;&#x43B;&#x436; &#x431;&#x443;&#x439; &#x431;&#x430;&#x439;&#x433;&#x443;&#x443;&#x43B;&#x43B;&#x430;&#x433;&#x44B;&#x43D;  &#x445;&#x4AF;&#x447;&#x438;&#x43D; &#x437;&#x4AF;&#x439;&#x43B;&#x441;:   </subfield>
    <subfield code="b">&#x41C;&#x430;&#x433;&#x438;&#x441;&#x442;&#x440;&#x44B;&#x43D; &#x437;&#x44D;&#x440;&#x44D;&#x433; &#x433;&#x43E;&#x440;&#x438;&#x43B;&#x441;&#x43E;&#x43D; &#x43D;&#x44D;&#x433; &#x441;&#x44D;&#x434;&#x44D;&#x432;&#x442; &#x431;&#x4AF;&#x442;&#x44D;&#x44D;&#x43B;: E098801-&#x41D;&#x438;&#x439;&#x433;&#x43C;&#x438;&#x439;&#x43D; &#x44D;&#x440;&#x4AF;&#x4AF;&#x43B; &#x43C;&#x44D;&#x43D;&#x434;/</subfield>
    <subfield code="c">&#x421;&#x443;&#x434;&#x43B;&#x430;&#x430;&#x447;: &#x426;&#x44D;&#x440;&#x44D;&#x43D;&#x43D;&#x430;&#x434;&#x43C;&#x438;&#x434;&#x44B;&#x43D; &#x426;&#x44D;&#x43B;&#x43C;&#x44D;&#x433;; &#x42D;&#x440;&#x434;&#x44D;&#x43C; &#x448;&#x438;&#x43D;&#x436;&#x438;&#x43B;&#x433;&#x44D;&#x44D;&#x43D;&#x438;&#x439; &#x430;&#x436;&#x43B;&#x44B;&#x43D; &#x443;&#x434;&#x438;&#x440;&#x434;&#x430;&#x433;&#x447;: &#x410;&#x43D;&#x430;&#x433;&#x430;&#x430;&#x445; &#x443;&#x445;&#x430;&#x430;&#x43D;&#x44B; &#x434;&#x43E;&#x43A;&#x442;&#x43E;&#x440;, &#x434;&#x44D;&#x434; &#x43F;&#x440;&#x43E;&#x444;&#x435;&#x441;&#x441;&#x43E;&#x440; &#x41C;. &#x421;&#x443;&#x433;&#x430;&#x440;&#x43C;&#x430;&#x430;; &#x42D;&#x440;&#x434;&#x44D;&#x43C; &#x448;&#x438;&#x43D;&#x436;&#x438;&#x43B;&#x433;&#x44D;&#x44D;&#x43D;&#x438;&#x439; &#x430;&#x436;&#x43B;&#x44B;&#x43D; &#x448;&#x4AF;&#x4AF;&#x43C;&#x436;&#x43B;&#x44D;&#x433;&#x447;: &#x422;&#x4E9;&#x440;&#x438;&#x439;&#x43D; &#x431;&#x43E;&#x434;&#x43B;&#x43E;&#x433;&#x43E; &#x443;&#x434;&#x438;&#x440;&#x434;&#x43B;&#x430;&#x433;&#x44B;&#x43D; &#x434;&#x43E;&#x43A;&#x442;&#x43E;&#x440;, &#x434;&#x44D;&#x434; &#x43F;&#x440;&#x43E;&#x444;&#x435;&#x441;&#x441;&#x43E;&#x440; &#x41B;. &#x425;&#x43E;&#x440;&#x43E;&#x43B;&#x441;&#x4AF;&#x440;&#x44D;&#x43D;. </subfield>
  </datafield>
  <datafield tag="264" ind1=" " ind2="1">
    <subfield code="a">&#x423;&#x43B;&#x430;&#x430;&#x43D;&#x431;&#x430;&#x430;&#x442;&#x430;&#x440;: </subfield>
    <subfield code="b">[&#x425;&#x44D;&#x432;&#x43B;&#x44D;&#x43B;&#x438;&#x439;&#x43D; &#x433;&#x430;&#x437;&#x430;&#x440; &#x442;&#x43E;&#x434;&#x43E;&#x440;&#x445;&#x43E;&#x439;&#x433;&#x4AF;&#x439;]</subfield>
    <subfield code="c">c2026.</subfield>
  </datafield>
  <datafield tag="300" ind1=" " ind2=" ">
    <subfield code="a">42 &#x445;&#x443;&#x443;&#x434;&#x430;&#x441;&#x442;&#x430;&#x439; : </subfield>
    <subfield code="b">&#x437;&#x443;&#x440;&#x430;&#x433;&#x442;&#x430;&#x439;, &#x445;&#x4AF;&#x441;&#x43D;&#x44D;&#x433;&#x442;, &#x433;&#x440;&#x430;&#x444;&#x438;&#x43A;&#x442;&#x430;&#x439;, 12&#x445;12 CD-&#x442;&#x44D;&#x439;;</subfield>
    <subfield code="c">30 &#x441;&#x43C;</subfield>
  </datafield>
  <datafield tag="336" ind1=" " ind2=" ">
    <subfield code="2">rdacontent</subfield>
    <subfield code="a">text</subfield>
    <subfield code="b">txt</subfield>
  </datafield>
  <datafield tag="502" ind1=" " ind2=" ">
    <subfield code="a">&#x414;&#x438;&#x441;&#x441;&#x435;&#x440;&#x442;&#x430;&#x446;&#x438;</subfield>
    <subfield code="b">&#x41C;&#x430;&#x433;&#x438;&#x441;&#x442;&#x440;</subfield>
    <subfield code="c">&#x410;&#x43D;&#x430;&#x433;&#x430;&#x430;&#x445;&#x44B;&#x43D; &#x428;&#x438;&#x43D;&#x436;&#x43B;&#x44D;&#x445; &#x423;&#x445;&#x430;&#x430;&#x43D;&#x44B; &#x4AE;&#x43D;&#x434;&#x44D;&#x441;&#x43D;&#x438;&#x439; &#x418;&#x445; &#x421;&#x443;&#x440;&#x433;&#x443;&#x443;&#x43B;&#x44C;</subfield>
    <subfield code="d">2025</subfield>
  </datafield>
  <datafield tag="504" ind1=" " ind2=" ">
    <subfield code="a">&#x41D;&#x43E;&#x43C; &#x437;&#x4AF;&#x439;&#x442;&#x44D;&#x439; (&#x445;&#x443;&#x443;&#x434;&#x430;&#x441; 41-42)</subfield>
  </datafield>
  <datafield tag="546" ind1=" " ind2=" ">
    <subfield code="a">&#x41C;&#x43E;&#x43D;&#x433;&#x43E;&#x43B;</subfield>
    <subfield code="b">(&#x41A;&#x438;&#x440;&#x438;&#x43B;&#x43B;)</subfield>
  </datafield>
  <datafield tag="650" ind1=" " ind2="4">
    <subfield code="a">&#x43D;&#x438;&#x439;&#x433;&#x43C;&#x438;&#x439;&#x43D; &#x44D;&#x440;&#x4AF;&#x4AF;&#x43B; &#x43C;&#x44D;&#x43D;&#x434;</subfield>
    <subfield code="9">67584</subfield>
  </datafield>
  <datafield tag="650" ind1=" " ind2="4">
    <subfield code="a">&#x430;&#x436;&#x43B;&#x430;&#x430;&#x441; &#x433;&#x430;&#x440;&#x430;&#x445; &#x431;&#x43E;&#x434;&#x43E;&#x43B;</subfield>
    <subfield code="9">24720</subfield>
  </datafield>
  <datafield tag="650" ind1=" " ind2="4">
    <subfield code="a">&#x431;&#x430;&#x439;&#x433;&#x443;&#x443;&#x43B;&#x43B;&#x430;&#x433;&#x44B;&#x43D; &#x443;&#x443;&#x440; &#x430;&#x43C;&#x44C;&#x441;&#x433;&#x430;&#x43B;</subfield>
    <subfield code="9">67585</subfield>
  </datafield>
  <datafield tag="650" ind1=" " ind2="4">
    <subfield code="a">&#x44D;&#x440;&#x4AF;&#x4AF;&#x43B; &#x43C;&#x44D;&#x43D;&#x434;&#x438;&#x439;&#x43D; &#x430;&#x436;&#x438;&#x43B;&#x442;&#x430;&#x43D;</subfield>
    <subfield code="9">67665</subfield>
  </datafield>
  <datafield tag="700" ind1="0" ind2=" ">
    <subfield code="a">&#x421;&#x443;&#x433;&#x430;&#x440;&#x43C;&#x430;&#x430;, &#x41C;.</subfield>
    <subfield code="e">&#x443;&#x434;&#x438;&#x440;&#x434;&#x430;&#x433;&#x447;</subfield>
    <subfield code="9">66096</subfield>
  </datafield>
  <datafield tag="700" ind1="0" ind2=" ">
    <subfield code="a">&#x425;&#x43E;&#x440;&#x43E;&#x43B;&#x441;&#x4AF;&#x440;&#x44D;&#x43D;, &#x41B;.</subfield>
    <subfield code="e">&#x448;&#x4AF;&#x4AF;&#x43C;&#x436;&#x43B;&#x44D;&#x433;&#x447;</subfield>
    <subfield code="9">67531</subfield>
  </datafield>
  <datafield tag="710" ind1=" " ind2=" ">
    <subfield code="a">&#x410;&#x43D;&#x430;&#x433;&#x430;&#x430;&#x445;&#x44B;&#x43D; &#x428;&#x438;&#x43D;&#x436;&#x43B;&#x44D;&#x445; &#x423;&#x445;&#x430;&#x430;&#x43D;&#x44B; &#x4AE;&#x43D;&#x434;&#x44D;&#x441;&#x43D;&#x438;&#x439; &#x418;&#x445; &#x421;&#x443;&#x440;&#x433;&#x443;&#x443;&#x43B;&#x44C;</subfield>
    <subfield code="e">&#x42D;&#x440;&#x445;&#x44D;&#x43B;&#x441;&#x44D;&#x43D; &#x431;&#x430;&#x439;&#x433;&#x443;&#x443;&#x43B;&#x43B;&#x430;&#x433;&#x430;</subfield>
    <subfield code="9">35462</subfield>
  </datafield>
  <datafield tag="856" ind1=" " ind2=" ">
    <subfield code="z">&#x426;&#x410;&#x425;&#x418;&#x41C; &#x425;&#x423;&#x412;&#x418;&#x41B;&#x411;&#x410;&#x420; &#x423;&#x41D;&#x428;&#x418;&#x425;</subfield>
  </datafield>
  <datafield tag="856" ind1=" " ind2=" ">
    <subfield code="z">&#x422;&#x41E;&#x412;&#x427; &#x425;&#x423;&#x420;&#x410;&#x410;&#x41D;&#x413;&#x423;&#x419; &#x4AE;&#x417;&#x42D;&#x425;</subfield>
  </datafield>
  <datafield tag="942" ind1=" " ind2=" ">
    <subfield code="2">ddc</subfield>
    <subfield code="c">TS</subfield>
  </datafield>
  <datafield tag="999" ind1=" " ind2=" ">
    <subfield code="c">37755</subfield>
    <subfield code="d">37755</subfield>
  </datafield>
  <datafield tag="952" ind1=" " ind2=" ">
    <subfield code="r">2026-05-11 10:55:36</subfield>
    <subfield code="l">0</subfield>
    <subfield code="o">362.1 &#x426; 945</subfield>
    <subfield code="w">2026-05-11</subfield>
    <subfield code="y">TS</subfield>
    <subfield code="1">0</subfield>
    <subfield code="2">ddc</subfield>
    <subfield code="4">0</subfield>
    <subfield code="7">0</subfield>
    <subfield code="0">0</subfield>
    <subfield code="a">MAIN</subfield>
    <subfield code="b">MAIN</subfield>
    <subfield code="c">RL</subfield>
    <subfield code="d">2026-05-11</subfield>
    <subfield code="g">5000.00</subfield>
  </datafield>
</record>
